Instituto Nicaragüense de Turismo (INTUR), Dirección de Centros Turísticos, departamento de diseño, construcción y supervisión de obras. Informe de práctica profesional realizada del 15 de marzo al 30 de septiembre, 2016

El estudio presenta un informe de prácticas profesionales supervisadas, en el cual consiste en el proceso de elaboración de los proyectos, diseño, diagnóstico y elaboración de planos de las distintas delegaciones del INSS.

Bibliographic Details
Main Authors: Aráuz Matamoros, Silvio José, Zárate Delgado, Franklin
Other Authors: Tutor: Mayorga Navarro, Eduardo José
Format: Tesis Section = Libro
Language:Undetermined
Spanish
Published: Managua UNI 2016
Subjects:
LEADER 01231nam a2200265Ia 4500
008 240830s9999 xx 000 0 und d
040 |a BIBLIOTECA-RUSB/ Mon 721 M473 
041 |a spa 
082 |a Mon 721 M473 
100 1 |a Aráuz Matamoros, Silvio José 
100 1 |b Zárate Delgado, Franklin 
245 1 0 |a Instituto Nicaragüense de Turismo (INTUR), Dirección de Centros Turísticos, departamento de diseño, construcción y supervisión de obras. Informe de práctica profesional realizada del 15 de marzo al 30 de septiembre, 2016 
260 |a Managua  |b UNI  |c 2016 
300 |a 188 p. :il. 
500 |a Contiene: anexos. 
502 |a Tesis (Arquitecto) - UNI, 2016. 
520 3 |a El estudio presenta un informe de prácticas profesionales supervisadas, en el cual consiste en el proceso de elaboración de los proyectos, diseño, diagnóstico y elaboración de planos de las distintas delegaciones del INSS. 
650 7 |a DISEÑO ARQUITECTÓNICO 
650 7 |b  DISEÑO DE ESTRUCTURAS 
650 7 |c  ARQUITECTURA-DISEÑOS Y PLANOS 
650 7 |d  CENTROS TURÍSTICOS-DISEÑO Y CONSTRUCCIÓN 
700 1 |a Tutor:  |b Mayorga Navarro, Eduardo José 
942 |c BK  |2 ddc 
991 |a TESIS 
999 |c 21170